00925nam a22002657a 45000010005000000030006000050050017000110080041000280200018000690400029000870500015001160820012001311000020001432450158001632500038003212600038003593000054003974900033004515050008004845210023004925210020005156500040005356500048005757000036006239771FISKH20260213115940.0260213b cb ||||| |||| 00| 0 eng d a9780439193832 aFISKHbengcFISKHdFISKH aQH86 .B397 a578.734 aBerger , Melvin aDoes it always rain in the rain forest? :bQuestions and answers about tropical rain forests / cMelvin and Gilda Berger : Illustrated by Michael Rothman aFirst trade printing , April 2002 aNew York : bScholastic ,c2001 . a48 pages : bcolor illustrations ; c20 X 25 cm . aScholastic Question & Answer aU 8 a850 bLexile IG 8 aU bRaz-Plus  aRain forests vJuvenile Literature  aQuestions and answersvJuvenile Literature  aRothman , MichaeleIllustrator